One Syllable NBA Team Names - Statistics

General Stats
  • This quiz has been taken 34 times
  • The average score is 8 of 10
Answer Stats
Answer % Correct
Heat
89%
Jazz
89%
Nets
89%
Knicks
86%
Bulls
82%
Suns
82%
Spurs
75%
Kings
68%
Hawks
61%
Bucks
54%
No matching quizzes found
Score Distribution
Percent of People with Each Score
Percentile by Number Answered
Your Score History
You have not taken this quiz